000 00692nas a2200241 4500
001 BR8803770
003 BR-BrBNA
005 20231205091206.0
007 ta
008 230509b bl.|||p| |||| 00| 00por d
040 _aBR-BrBNA
_bpor
_cBiblioteca Nacional de Agricultura
041 _a(Pt)
072 _aH10
110 1 _aCentro Nacional de Pesquisa de Soja, Londrina, PR (Brasil)
_91793
245 1 _aUma isca aos percevejos da soja
650 _aSOJA
650 _aPERCEVEJO
650 _aISCA
650 _aARMADILHA
773 0 _tLavoura (Brazil)
_xISSN 0023-9135
_g(Jul-Aug 1987), v. 90 p. 19-20
_wBR8803770
909 _a202311
_bLúcia
_c55
_dLúcia Elande
942 _2AGRIS
_n0
_cANA
999 _c123444
_d123444